000 01194nam0a22002771 4500
001 rc\2954386
005 20110831180555.7
035 _a(NLR Aleph) 007101696
090 _a6677297
_c6677297
100 _a20110831d1938 |||y0rusy50 ca
101 0 _arus
102 _aRU
105 _aak z |||||
200 1 _aТехническое обслуживание самолета ПС40-2М100А
_eСборник инструкций
_eУтв. 4/VII 1938 г.
210 _aМосква
_cРед. изд. отд. Аэрофлота
_d1938
215 _a278 с.; 10 л. ил.; 4 отд. л. форм.
_cил.
_d18 см
225 1 _aНаучно-исследовательский институт ГВФ
_fГл. упр. Гражд. возд. флота при СНК СССР
_vВып. 31
300 _aНа обороте тит. л. сост.: инж. А.И. Рыхликов и бортмеханик Х.Г. Измирян
333 _aДля служебного пользования
702 1 _aРыхликов
_bА. И.
_4220
702 1 _aИзмирян
_bХ. Г.
_4220
801 0 _aRU
_bNLR
_gpsbo
801 1 _aRU
_bELAR
_2rusmarc
852 _aNLR
_j67-3/2428
942 _cBOOK
980 _aNB